[Event "Titled Tuesday intern op 08th Nov Late"]
[Site "Chess.com INT"]
[Date "2022.11.08"]
[Round "6"]
[White "Roux, Baptiste"]
[Black "Goryachkina, Aleksandra"]
[Result "0-1"]
[WhiteElo "2171"]
[BlackElo "2584"]
[PlyCount "104"]
[EventDate "2022.11.08"]
[EventType "swiss (blitz)"]
[EventRounds "11"]
[EventCountry "USA"]
[SourceTitle "EXT 2024"]
[Source "ChessBase"]
[SourceDate "2023.10.10"]
[SourceVersion "1"]
[SourceVersionDate "2023.10.10"]
[SourceQuality "1"]

1. e4 c5 2. Nf3 e6 3. d3 d5 4. Nbd2 Nc6 5. g3 Nf6 6. Bg2 g6 7. 0-0 Bg7 8. Re1 0-0 9. c3 b6 10. Qe2 Ba6 11. c4 dxc4 12. dxc4 Nd7 13. h4 Qc7 14. h5 Rad8 15. Nf1 Nde5 16. Nxe5 Nxe5 17. Ne3 Rd4 18. b3 Nd3 19. Rd1 Nxc1 20. Raxc1 Rfd8 21. hxg6 hxg6 22. Rxd4 cxd4 23. Nf1 d3 24. Qe3 Bd4 25. Qd2 Qc5 26. Rd1 b5 27. cxb5 Bxb5 28. Ne3 a5 29. Rc1 Qb6 30. Nc4 Qa7 31. Kf1 Bxc4 32. Rxc4 Bc5 33. Bf3 Bb4 34. Qd1 d2 35. Kg2 Qd7 36. e5 Kg7 37. Rh4 Rh8 38. Qh1 Rxh4 39. gxh4 Qd4 40. Qd1 Qxe5 41. h5 g5 42. Bg4 f5 43. Bf3 g4 44. Be2 Qf4 45. Qc2 Qd6 46. Bxg4 fxg4 47. Qg6+ Kf8 48. Qf6+ Ke8 49. Qh8+ Kd7 50. Qg7+ Kc6 51. h6 d1Q 52. Qxg4 Qxg4+ 0-1

[Event "Titled Tuesday intern op 08th Nov Late"]
[Site "Chess.com INT"]
[Date "2022.11.08"]
[Round "3"]
[White "Roux, Baptiste"]
[Black "Kovacevic, Radmila"]
[Result "1-0"]
[WhiteElo "2171"]
[BlackElo "2113"]
[PlyCount "93"]
[EventDate "2022.11.08"]
[EventType "swiss (blitz)"]
[EventRounds "11"]
[EventCountry "USA"]
[SourceTitle "EXT 2024"]
[Source "ChessBase"]
[SourceDate "2023.10.10"]
[SourceVersion "1"]
[SourceVersionDate "2023.10.10"]
[SourceQuality "1"]

1. d4 e5 2. dxe5 Nc6 3. Bf4 Qe7 4. Nf3 Qb4+ 5. Bd2 Qxb2 6. Nc3 Bb4 7. Rb1 Qxc3 8. Bxc3 Bxc3+ 9. Nd2 Bxe5 10. e3 Nf6 11. Bd3 d5 12. 0-0 0-0 13. Nf3 Bd6 14. Nd4 Ne7 15. Nb5 Be5 16. f4 Bd6 17. Nxd6 cxd6 18. Qd2 Nc6 19. h3 Re8 20. Rfe1 h5 21. c4 Be6 22. cxd5 Bxd5 23. Rxb7 Ne4 24. Bxe4 Bxe4 25. Qxd6 Re6 26. Qc7 Rf8 27. Rc1 Rg6 28. Rb2 Nd8 29. Qe5 f5 30. Rc8 Kh7 31. Qc5 Ne6 32. Qxf8 Nxf8 33. Rxf8 Rg3 34. Rf7 a5 35. Ra7 Rxe3 36. Rxa5 Rg3 37. Kh2 h4 38. Rf2 Kh6 39. a4 Ra3 40. Ra6+ g6 41. a5 Kh5 42. Ra7 Kh6 43. Rb2 Ra1 44. Rd2 Bc6 45. Rd8 g5 46. Rd6+ Kh5 47. Rh7# 1-0

[Event "Titled Tuesday intern op 08th Nov Early"]
[Site "Chess.com INT"]
[Date "2022.11.08"]
[Round "2"]
[White "Samaganova, Alexandra"]
[Black "Roux, Baptiste"]
[Result "0-1"]
[WhiteElo "1884"]
[BlackElo "2171"]
[PlyCount "62"]
[EventDate "2022.11.08"]
[EventType "swiss (blitz)"]
[EventRounds "11"]
[EventCountry "USA"]
[SourceTitle "EXT 2024"]
[Source "ChessBase"]
[SourceDate "2023.10.10"]
[SourceVersion "1"]
[SourceVersionDate "2023.10.10"]
[SourceQuality "1"]

1. c4 e5 2. Nc3 Nc6 3. g3 g6 4. Bg2 Bg7 5. e3 d6 6. Nge2 h5 7. h3 Nge7 8. d4 exd4 9. exd4 Nf5 10. d5 Ne5 11. b3 0-0 12. Bb2 Re8 13. 0-0 a6 14. Qd2 Rb8 15. f4 Nd7 16. Rf2 Qe7 17. Ne4 Nc5 18. Nxc5 dxc5 19. Bxg7 Kxg7 20. Nc3 Nxg3 21. a3 Bf5 22. Kh2 h4 23. Bf3 Qe3 24. b4 cxb4 25. axb4 Qxd2 26. Rxd2 Re3 27. Bg4 Rxc3 28. Bxf5 Nxf5 29. c5 Re8 30. Rad1 Ree3 31. d6 cxd6 0-1

[Event "Titled Tuesday intern op 08th Nov Late"]
[Site "Chess.com INT"]
[Date "2022.11.08"]
[Round "11"]
[White "Souleidis, Georgios"]
[Black "Roux, Baptiste"]
[Result "1-0"]
[WhiteElo "2407"]
[BlackElo "2171"]
[PlyCount "117"]
[EventDate "2022.11.08"]
[EventType "swiss (blitz)"]
[EventRounds "11"]
[EventCountry "USA"]
[SourceTitle "EXT 2024"]
[Source "ChessBase"]
[SourceDate "2023.10.10"]
[SourceVersion "1"]
[SourceVersionDate "2023.10.10"]
[SourceQuality "1"]

1. e4 c5 2. Nf3 e6 3. g3 Nc6 4. Bg2 d5 5. exd5 exd5 6. d4 Bg4 7. 0-0 Nxd4 8. Qe1+ Ne6 9. Ne5 Bf5 10. c4 Nf6 11. cxd5 Nxd5 12. Nc3 Nxc3 13. Qxc3 Be7 14. Bxb7 0-0 15. Nc6 Qc7 16. Nxe7+ Qxe7 17. Bxa8 Rxa8 18. Re1 Qb7 19. f3 Nd4 20. Kf2 Nc2 21. Be3 Nxa1 22. Rxa1 Rd8 23. Re1 h6 24. b3 Rd5 25. Re2 Qc6 26. Rd2 Rxd2+ 27. Bxd2 Be6 28. Be3 Qa6 29. a4 c4 30. bxc4 Qxc4 31. Qxc4 Bxc4 32. Bxa7 Kf8 33. Ke3 Ke8 34. Kd4 Bb3 35. a5 Kd7 36. Kc5 Bd1 37. f4 Bf3 38. Bb8 Kc8 39. Bd6 Kb7 40. Bf8 g6 41. Bxh6 Ka6 42. Kb4 Be4 43. Bg7 Bd5 44. Bc3 Be6 45. Kc5 Kb7 46. Kd6 Kc8 47. Ke7 Kb7 48. Kf6 Kc6 49. Bd4 Kb5 50. Bc3 Kc6 51. Be1 Kb5 52. Kg5 Kc6 53. g4 Kb5 54. h4 Bc4 55. h5 gxh5 56. gxh5 Bd3 57. Kf6 Be2 58. h6 Bd3 59. Kxf7 1-0

[Event "Titled Tuesday intern op 08th Nov Early"]
[Site "Chess.com INT"]
[Date "2022.11.08"]
[Round "3"]
[White "Terzi, Alexei"]
[Black "Roux, Baptiste"]
[Result "1-0"]
[WhiteElo "2272"]
[BlackElo "2171"]
[PlyCount "93"]
[EventDate "2022.11.08"]
[EventType "swiss (blitz)"]
[EventRounds "11"]
[EventCountry "USA"]
[SourceTitle "EXT 2024"]
[Source "ChessBase"]
[SourceDate "2023.10.10"]
[SourceVersion "1"]
[SourceVersionDate "2023.10.10"]
[SourceQuality "1"]

1. e4 e5 2. Nf3 Nc6 3. Bb5 g6 4. 0-0 Bg7 5. c3 Nge7 6. d4 0-0 7. d5 Nb8 8. d6 cxd6 9. Qxd6 a6 10. Ba4 b5 11. Bb3 Bb7 12. Bg5 Nbc6 13. Rd1 h6 14. Bf6 Bxf6 15. Qxf6 Na5 16. Nxe5 Nxb3 17. axb3 d5 18. Ng4 Kh7 19. Ne3 Ng8 20. Qxd8 Rfxd8 21. exd5 Nf6 22. c4 Rac8 23. Nc3 bxc4 24. bxc4 Nd7 25. Na4 f5 26. f4 Re8 27. Kf2 Nf6 28. Nc3 Ne4+ 29. Nxe4 Rxe4 30. g3 Rce8 31. Rd3 g5 32. Kf3 gxf4 33. gxf4 Bc8 34. c5 Rb4 35. c6 Rd8 36. d6 Rb6 37. d7 Bxd7 38. cxd7 Rb7 39. Rxa6 Rbxd7 40. Rxd7+ Rxd7 41. Nxf5 Rd3+ 42. Ne3 Rd2 43. b4 Rxh2 44. b5 Rb2 45. b6 Rb4 46. Nd5 Kg6 47. Nxb4 1-0